| 000 | 00346nam a22001457a 4500 | ||
|---|---|---|---|
| 020 | _a978-81-312-4304-6 | ||
| 082 | _a617.6342,C16H | ||
| 100 | _aHARGREAVES,KENNETH.M | ||
| 245 | _aCOHEN'S PATHWAYS OF THE PULP | ||
| 250 | _aSOUTH ASIAN | ||
| 260 |
_aNEW DELHI _bELSEVIER _c2016 |
||
| 300 | _a1105 | ||
| 650 | _aCONSERVATIVE | ||
| 942 |
_2ddc _cBK _09 |
||
| 999 |
_c9828 _d9828 |
||